书目信息 |
| 题名: |
最知日本味
|
|
| 作者: | 栗原晴美, 著 ;纪鑫 译 | |
| 分册: | ||
| 出版信息: | 青岛 青岛出版社 2016 |
|
| 页数: | 301页 | |
| 开本: | 25cm | |
| 丛书名: | 和·味道 | |
| 单 册: | ||
| 中图分类: | TS972.183.13 | |
| 科图分类: | ||
| 主题词: | 菜谱--cai pu--日本 | |
| 电子资源: | ||
| ISBN: | 978-7-5552-3831-7 | |
| 000 | 01076nam 2200277 450 | |
| 001 | 1765433817 | |
| 005 | 20160824133801.6 | |
| 010 | @a978-7-5552-3831-7@dCNY128.00 | |
| 100 | @a20160823d2016 em y0chiy50 ea | |
| 101 | 1 | @achi@cjpn |
| 102 | @aCN@b370000 | |
| 105 | @aa z 000yy | |
| 106 | @ar | |
| 200 | 1 | @a最知日本味@Azui zhi ri ben wei@f(日) 栗原晴美著@g纪鑫译 |
| 210 | @a青岛@c青岛出版社@d2016 | |
| 215 | @a301页@c彩图@d25cm | |
| 225 | 2 | @a和·味道@Ahe · wei dao |
| 314 | @a栗原晴美, 1947年生于静冈县下田市。26岁时与栗原玲儿结婚, 育有一儿一女。为家人烹制的家常饭菜得到了多个年龄层的广泛支持, 成为深受喜爱的烹饪家。 | |
| 330 | @a本书内容包括感受季节美味、白米饭与大酱汤、和式炖菜、盛器之趣等。作为世界美食图书获奖作品, 本书是栗原晴美的集大成之作, 插图装帧精美, 心情随笔温暖动人, 是一部值得收藏的美食文化书。 | |
| 410 | 0 | @12001 @a和·味道 |
| 606 | 0 | @a菜谱@Acai pu@y日本 |
| 690 | @aTS972.183.13@v5 | |
| 701 | 0 | @a栗原晴美,@Ali yuan qing mei@f1947-@4著 |
| 702 | 0 | @a纪鑫@Aji xin@4译 |
| 801 | 0 | @aCN@b人天书店@c20160823 |
| 905 | @aBZT@dTS972.183.13@e2 | |
| 最知日本味/(日) 栗原晴美著/纪鑫译.-青岛:青岛出版社,2016 |
| 301页:彩图;25cm.-(和·味道) |
| ISBN 978-7-5552-3831-7:CNY128.00 |
| 本书内容包括感受季节美味、白米饭与大酱汤、和式炖菜、盛器之趣等。作为世界美食图书获奖作品, 本书是栗原晴美的集大成之作, 插图装帧精美, 心情随笔温暖动人, 是一部值得收藏的美食文化书。 |
| ● |
| 相关链接 |
|
|
|
正题名:最知日本味
索取号:TS972.183.13/2
 
预约/预借
| 序号 | 登录号 | 条形码 | 馆藏地/架位号 | 状态 | 备注 |
| 1 | 825610 | 2000825610 | 第二书库/ [索取号:TS972.183.13/2] | 在馆 | |
| 2 | 825611 | 2000825611 | 第二书库/ [索取号:TS972.183.13/2] | 在馆 | |
| 3 | 825612 | 2000825612 | 第二书库/ [索取号:TS972.183.13/2] | 在馆 |